Normal view MARC view

Entry Personal Name

Number of records used in: 1

001 - CONTROL NUMBER

  • control field: 12080

003 - CONTROL NUMBER IDENTIFIER

  • control field: OSt

005 - DATE AND TIME OF LATEST TRANSACTION

  • control field: 20170407130142.0

008 - FIXED-LENGTH DATA ELEMENTS

  • fixed length control field: 170407|| aca||aabn | a|a d

040 ## - CATALOGING SOURCE

  • Original cataloging agency: OSt
  • Transcribing agency: OSt

100 ## - HEADING--PERSONAL NAME

  • Personal name: Editors Chisholm-burns, Marie A. [et...al]

670 ## - SOURCE DATA FOUND

  • Source citation: Work cat.: (OSt): Editors Chisholm-burns, Marie A. [et...al], Pharmacotherapy Principles & Practice